[Event "Collado Villalba op-A 35th"]
[Site "Collado Villalba"]
[Date "2018.08.25"]
[Round "2"]
[White "Fernandez de Pablo, Miguel Angel"]
[Black "Perez Cameselle, Francisco Jose"]
[Result "1-0"]
[WhiteElo "2107"]
[BlackElo "1790"]
[PlyCount "93"]
[EventDate "2018.08.24"]
[EventType "swiss"]
[EventRounds "9"]
[EventCountry "ESP"]
[SourceTitle "OM OTB B 201907"]
[Source "Opening Master"]
[SourceDate "2019.07.06"]
[SourceVersion "2"]
[SourceVersionDate "2019.07.06"]
[SourceQuality "1"]

1. e4 e5 2. Nf3 Nc6 3. c3 Nf6 4. d4 exd4 5. e5 Nd5 6. Qb3 Nb6 7. cxd4 d5 8. Be3
Be7 9. Be2 O-O 10. Nc3 Be6 11. O-O f6 12. Rad1 Qd7 13. a3 a5 14. Qc2 Bf5 15.
Bd3 Bxd3 16. Qxd3 Rae8 17. Qb5 Rd8 18. Rfe1 Rfe8 19. Bf4 fxe5 20. dxe5 Qe6 21.
Qb3 Rf8 22. Bg3 h6 23. Nb5 Rc8 24. Nxc7 Rxc7 25. Qxb6 Rd7 26. Qb3 Kh8 27. Rd3
Rfd8 28. Red1 Bc5 29. Bh4 Be7 30. Bxe7 Qxe7 31. Re1 Qe6 32. Nd4 Nxd4 33. Rxd4
Rc8 34. Qd3 Rc4 35. b3 Rxd4 36. Qxd4 Rc7 37. h3 Kg8 38. Rd1 Rd7 39. f4 g6 40.
Qe3 h5 41. Qd4 Kf7 42. Rc1 Qe7 43. Rc5 Qd8 44. Rb5 Qc7 45. Kh2 Ke6 46. Rb6+ Kf7
47. e6+ 1-0

[Event "Avicenna op-B 15th"]
[Site "Hamedan"]
[Date "2018.08.19"]
[Round "4"]
[White "Sadeghi Givi, Reza"]
[Black "Binaei Tavallaei, Mahdi"]
[Result "1-0"]
[WhiteElo "1931"]
[BlackElo "2024"]
[PlyCount "79"]
[EventDate "2018.08.17"]
[EventType "swiss"]
[EventRounds "11"]
[EventCountry "IRI"]
[SourceTitle "OM OTB B 201907"]
[Source "Opening Master"]
[SourceDate "2019.07.06"]
[SourceVersion "2"]
[SourceVersionDate "2019.07.06"]
[SourceQuality "1"]

1. e4 e5 2. Nf3 Nc6 3. c3 Nf6 4. d4 d6 5. Be2 Bg4 6. O-O Qd7 7. d5 Ne7 8. Qc2
h6 9. Be3 g5 10. Nbd2 Ng6 11. Qb3 c6 12. Rad1 Be7 13. dxc6 bxc6 14. Nc4 Bxf3
15. Bxf3 g4 16. Be2 Qc7 17. Qc2 Rd8 18. Bc1 Nf4 19. Rfe1 Nxe2+ 20. Rxe2 Nh5 21.
g3 Ng7 22. Ne3 Qc8 23. Nf5 Nxf5 24. exf5 h5 25. c4 Bf6 26. Be3 h4 27. Qe4 Qa6
28. b3 Rg8 29. Red2 c5 30. Bxc5 Be7 31. f6 Bxf6 32. Rxd6 Rxd6 33. Rxd6 Qa5 34.
Rxf6 Qxc5 35. Rc6 Qa3 36. Qxe5+ Kd7 37. Qd5+ Ke8 38. Rc8+ Ke7 39. Rc7+ Kf6 40.
Rxf7+ 1-0

[Event "48th Continental Open"]
[Site "Sturbridge USA"]
[Date "2018.08.17"]
[Round "4.6"]
[White "Chen, Jacob"]
[Black "Zhang, Yuanchen"]
[Result "0-1"]
[WhiteElo "2084"]
[BlackElo "2281"]
[PlyCount "68"]
[EventDate "2018.08.16"]
[EventType "swiss"]
[EventRounds "9"]
[EventCountry "USA"]
[SourceTitle "The Week in Chess 1241"]
[Source "Mark Crowther"]
[SourceDate "2018.08.20"]
[SourceVersion "1"]
[SourceVersionDate "2018.08.20"]
[SourceQuality "2"]

1. e4 e5 2. Nf3 Nc6 3. c3 d5 4. Qa4 f6 5. Bb5 Nge7 6. exd5 Qxd5 7. d4 exd4 8.
O-O Bd7 9. cxd4 a6 10. Nc3 Qf5 11. Rd1 Rd8 12. Bd3 Ne5 13. Bxf5 Nxf3+ 14. gxf3
Bxa4 15. Nxa4 Nxf5 16. Be3 Bd6 17. Nc5 Bxc5 18. dxc5 c6 19. Rxd8+ Kxd8 20. Kf1
Ke7 21. Rd1 Rd8 22. Rxd8 Kxd8 23. Ke2 Kd7 24. Kd3 Ke6 25. Ke4 Nh4 26. b3 g5 27.
Bd4 f5+ 28. Ke3 Ng2+ 29. Kd2 Nf4 30. Be3 Kd5 31. Kc3 Ne6 32. b4 f4 33. Bd2 Nd4
34. h4 gxh4 0-1

[Event "China Zonal 3.5 2018"]
[Site "Daqing CHN"]
[Date "2018.08.15"]
[Round "5.5"]
[White "Liu Guanchu"]
[Black "Xu, Minghui"]
[Result "1/2-1/2"]
[WhiteElo "2432"]
[BlackElo "2332"]
[PlyCount "100"]
[EventDate "2018.08.13"]
[EventType "swiss"]
[EventRounds "11"]
[EventCountry "CHN"]
[SourceTitle "The Week in Chess 1241"]
[Source "Mark Crowther"]
[SourceDate "2018.08.20"]
[SourceVersion "1"]
[SourceVersionDate "2018.08.20"]
[SourceQuality "2"]

1. e4 e5 2. Nf3 Nc6 3. c3 d5 4. Qa4 f6 5. d3 Be6 6. Nbd2 Qd7 7. b4 Nce7 8. Qc2
g5 9. h3 Ng6 10. d4 O-O-O 11. dxe5 Nxe5 12. Nxe5 fxe5 13. exd5 Bxd5 14. Bd3 Be6
15. Be2 Nf6 16. Ne4 Nd5 17. Bxg5 Be7 18. Rd1 Bxg5 19. Nxg5 Bf5 20. Rxd5 Bxc2
21. Rxd7 Rxd7 22. Bg4 Rg8 23. Bxd7+ Kxd7 24. Nf3 Rxg2 25. Nxe5+ Ke6 26. Nf3 Kd5
27. Ke2 Rg7 28. Rc1 Bf5 29. c4+ Ke4 30. Rc3 Rd7 31. c5 Kd5 32. Re3 Bg6 33. Ne5
Bh5+ 34. Kd2 Rg7 35. Kc3 Bg6 36. Nxg6 hxg6 37. f4 Rf7 38. Re5+ Kc6 39. Re4 Kd5
40. Kd3 Rh7 41. Re5+ Kc6 42. Kc4 Rh4 43. Re6+ Kd7 44. Rxg6 Rxf4+ 45. Kb5 c6+
46. Ka4 Rf2 47. a3 Rf3 48. Rg7+ Kc8 49. h4 b5+ 50. cxb6 axb6 1/2-1/2

[Event "EU Union-ch U14"]
[Site "Kouty nad Desnou"]
[Date "2018.08.12"]
[Round "6"]
[White "Lazniewski, Tadeusz"]
[Black "Sosovickova, Jana"]
[Result "1-0"]
[WhiteElo "1433"]
[BlackElo "1585"]
[PlyCount "101"]
[EventDate "2018.08.07"]
[EventType "swiss"]
[EventRounds "9"]
[EventCountry "CZE"]
[SourceTitle "OM OTB B 201907"]
[Source "Opening Master"]
[SourceDate "2019.07.06"]
[SourceVersion "2"]
[SourceVersionDate "2019.07.06"]
[SourceQuality "1"]

1. e4 e5 2. Nf3 Nc6 3. c3 Nf6 4. d4 exd4 5. e5 Qe7 6. cxd4 d6 7. Bb5 Bd7 8.
Bxc6 Bxc6 9. O-O Nd5 10. Re1 O-O-O 11. Bg5 Qd7 12. Bxd8 Kxd8 13. Nc3 Qg4 14. h3
Qg6 15. Nh4 Qg5 16. Qg4 Qxg4 17. hxg4 Nf4 18. f3 h5 19. d5 Nxd5 20. Nxd5 Bxd5
21. exd6 cxd6 22. g5 g6 23. b3 Kd7 24. Rac1 Bg7 25. f4 Bd4+ 26. Kf1 Bc6 27. a4
b5 28. Nf3 Bxf3 29. gxf3 b4 30. Rcd1 Bc5 31. Re2 Re8 32. Rxe8 Kxe8 33. Ke2 Ke7
34. f5 Kd7 35. f6 Ke6 36. f4 a6 37. Kf3 d5 38. Re1+ Kd7 39. f5 gxf5 40. Kf4 h4
41. Kxf5 Bd6 42. Kg4 d4 43. Kxh4 Kc6 44. Kg4 Kd5 45. Kf3 Be5 46. Ke2 Bf4 47. g6
fxg6 48. Kd3 Bh6 49. f7 g5 50. Re8 g4 51. f8=Q 1-0

[Event "PAR-ch sf"]
[Site "Asuncion"]
[Date "2018.08.12"]
[Round "3"]
[White "Gomez Dacak, Franklin Paul"]
[Black "De la Vega, Ricardo"]
[Result "1-0"]
[WhiteElo "1745"]
[BlackElo "1485"]
[PlyCount "57"]
[EventDate "2018.08.10"]
[EventType "swiss"]
[EventRounds "9"]
[EventCountry "PAR"]
[SourceTitle "OM OTB B 201907"]
[Source "Opening Master"]
[SourceDate "2019.07.06"]
[SourceVersion "2"]
[SourceVersionDate "2019.07.06"]
[SourceQuality "1"]

1. e4 e5 2. Nf3 Nc6 3. c3 Nf6 4. d4 exd4 5. cxd4 Bb4+ 6. Nc3 Nxe4 7. Qb3 Qe7 8.
Be3 d5 9. Bd3 Bg4 10. O-O-O Nxc3 11. bxc3 Ba3+ 12. Kc2 O-O 13. Qxd5 Rad8 14.
Qb3 Be6 15. c4 Na5 16. Qa4 Qb4 17. Qxb4 Bxb4 18. Rb1 Be7 19. d5 Bg4 20. Ne5 Bh5
21. Bd2 Bf6 22. f4 b6 23. Bxa5 bxa5 24. Nc6 Rde8 25. Rhe1 Bg6 26. f5 Bh5 27. h3
Bh4 28. Rxe8 Rxe8 29. g4 1-0

[Event "Sao Paulo Karman Cup"]
[Site "Sao Paulo"]
[Date "2018.08.11"]
[Round "4"]
[White "Borger, David Lupovici"]
[Black "De Albuquelque, Gabriel Tenorio"]
[Result "0-1"]
[WhiteElo "1778"]
[BlackElo "1609"]
[PlyCount "62"]
[EventDate "2018.08.10"]
[EventType "swiss"]
[EventRounds "6"]
[EventCountry "BRA"]
[SourceTitle "OM OTB B 201907"]
[Source "Opening Master"]
[SourceDate "2019.07.06"]
[SourceVersion "2"]
[SourceVersionDate "2019.07.06"]
[SourceQuality "1"]

1. e4 e5 2. Nf3 Nc6 3. c3 Nf6 4. d4 exd4 5. e5 Nd5 6. cxd4 d6 7. Bc4 Nb6 8. Qb3
Nxc4 9. Qxc4 Be7 10. O-O O-O 11. Be3 dxe5 12. Nxe5 Be6 13. Qd3 Nxe5 14. Qe4 Nc6
15. Nc3 Qc8 16. Bf4 Bf5 17. Qe3 Re8 18. Nb5 Bd6 19. Nxd6 cxd6 20. Qg3 Nxd4 21.
Qh4 Ne2+ 22. Kh1 Nxf4 23. Qxf4 Qe6 24. h3 Qe5 25. Qb4 Qe4 26. Qxd6 Re6 27. Qa3
Bxh3 28. f3 Qh4 29. gxh3 Qxh3+ 30. Kg1 Qg3+ 31. Kh1 Rh6# 0-1

[Event "Valjevo Manojlovic Memorial"]
[Site "Valjevo"]
[Date "2018.08.10"]
[Round "7"]
[White "Radovic, Janko"]
[Black "Hirneise, Tobias"]
[Result "1/2-1/2"]
[WhiteElo "2412"]
[BlackElo "2465"]
[PlyCount "78"]
[EventDate "2018.08.06"]
[EventType "tourn"]
[EventRounds "9"]
[EventCountry "SRB"]
[EventCategory "7"]
[SourceTitle "OM OTB B 201907"]
[Source "Opening Master"]
[SourceDate "2019.07.06"]
[SourceVersion "2"]
[SourceVersionDate "2019.07.06"]
[SourceQuality "1"]

1. e4 e5 2. Nf3 Nc6 3. c3 d5 4. Qa4 f6 5. Bb5 Nge7 6. exd5 Qxd5 7. d4 Bd7 8.
Be3 exd4 9. cxd4 Nc8 10. Nc3 Bb4 11. O-O Bxc3 12. bxc3 Nb6 13. Qb3 Na5 14. Qxd5
Nxd5 15. Bd3 Nb6 16. Rfe1 Kf7 17. Bf4 Rac8 18. Re2 Nd5 19. Bd2 b5 20. Ree1 Nb6
21. Be3 Nac4 22. Nd2 Nxd2 23. Bxd2 a6 24. Be4 Be6 25. Be3 Bd5 26. Bc2 Rhe8 27.
a4 Ra8 28. axb5 axb5 29. h3 h5 30. h4 c6 31. Rxa8 Rxa8 32. Bf4 Nc4 33. Bd3 Ra3
34. Bxc4 Bxc4 35. Re3 Ra1+ 36. Kh2 Ra2 37. Kg3 Rc2 38. Bd6 Re2 39. Rxe2 Bxe2
1/2-1/2

[Event "Lipetsk"]
[Site "Lipetsk"]
[Date "2018.08.09"]
[Round "6"]
[White "Khruschiov, Alexey"]
[Black "Grigorjev, Iljya"]
[Result "0-1"]
[WhiteElo "2373"]
[BlackElo "2314"]
[PlyCount "48"]
[EventDate "2018.08.07"]
[EventType "tourn"]
[EventRounds "9"]
[EventCountry "RUS"]
[EventCategory "3"]
[SourceTitle "OM OTB B 201907"]
[Source "Opening Master"]
[SourceDate "2019.07.06"]
[SourceVersion "2"]
[SourceVersionDate "2019.07.06"]
[SourceQuality "1"]

1. e4 e5 2. Nf3 Nc6 3. c3 d5 4. Qa4 f6 5. d3 Nge7 6. Nbd2 Be6 7. d4 dxe4 8.
Nxe4 Qd5 9. Nc5 exd4 10. cxd4 Nf5 11. Bb5 Bxc5 12. dxc5 O-O-O 13. Bxc6 Qxc6 14.
Qxc6 bxc6 15. b3 Bd5 16. Ke2 Be4 17. Ne1 Nd4+ 18. Ke3 Rhe8 19. Kf4 g5+ 20. Kg3
Ne2+ 21. Kh3 h5 22. f3 Bf5+ 23. g4 hxg4+ 24. fxg4 Be4 0-1

[Event "Pontevedra op-B 6th"]
[Site "Pontevedra"]
[Date "2018.08.09"]
[Round "2"]
[White "Conde Riveiro, Xacobe"]
[Black "Vazquez Alvarez, Diego"]
[Result "0-1"]
[WhiteElo "1594"]
[BlackElo "1837"]
[PlyCount "86"]
[EventDate "2018.08.08"]
[EventType "swiss"]
[EventRounds "9"]
[EventCountry "ESP"]
[SourceTitle "OM OTB B 201907"]
[Source "Opening Master"]
[SourceDate "2019.07.06"]
[SourceVersion "2"]
[SourceVersionDate "2019.07.06"]
[SourceQuality "1"]

1. e4 e5 2. Nf3 Nc6 3. c3 Nf6 4. d4 exd4 5. e5 Nd5 6. Bb5 Bc5 7. O-O O-O 8.
cxd4 Be7 9. Nc3 Nxc3 10. bxc3 d6 11. Re1 Bg4 12. Qe2 a6 13. Bxc6 bxc6 14. exd6
Bxd6 15. Qe4 Qd7 16. Ne5 Bxe5 17. dxe5 Rfd8 18. Bg5 Re8 19. Qa4 Rab8 20. h3 Bh5
21. g4 Bg6 22. Qxa6 Qd5 23. Qe2 Bd3 24. Qd2 c5 25. f4 Rb6 26. Rab1 Rxb1 27.
Rxb1 Qf3 28. Rd1 Be4 29. a4 Qh1+ 30. Kf2 Qg2+ 31. Ke1 Qg3+ 32. Qf2 Qxc3+ 33.
Rd2 h6 34. Bh4 Rb8 35. Qe2 Bf3 36. Qd3 Qc1+ 37. Kf2 Bc6 38. Qc2 Qh1 39. Be7
Qf3+ 40. Ke1 Be4 41. Rf2 Qh1+ 42. Rf1 Qxf1+ 43. Kxf1 Bxc2 0-1

[Event "22nd HZ Open 2018"]
[Site "Vlissingen NED"]
[Date "2018.08.05"]
[Round "3.11"]
[White "Beerdsen, Thomas"]
[Black "Bluhm, S."]
[Result "1-0"]
[WhiteElo "2469"]
[BlackElo "2279"]
[PlyCount "55"]
[EventDate "2018.08.04"]
[EventType "swiss"]
[EventRounds "9"]
[EventCountry "NED"]
[SourceTitle "The Week in Chess 1239"]
[Source "Mark Crowther"]
[SourceDate "2018.08.06"]
[SourceVersion "1"]
[SourceVersionDate "2018.08.06"]
[SourceQuality "2"]

1. e4 e5 2. Nf3 Nc6 3. c3 d5 4. Qa4 f6 5. d3 Be6 6. Nbd2 Bc5 7. b4 Bb6 8. exd5
Bxd5 9. c4 Bxf3 10. Nxf3 a5 11. b5 Nd4 12. Nd2 Ne7 13. Ba3 O-O 14. c5 Ba7 15.
Rb1 Re8 16. h4 Qd5 17. b6 Qxa2 18. bxa7 Nd5 19. Rb2 Qa1+ 20. Nb1 b5 21. cxb6
Nxb6 22. Qxa5 e4 23. Kd1 Rad8 24. Kc1 e3 25. fxe3 Rxe3 26. Bb4 Na4 27. Qd5+ Ne6
28. Ra2 1-0